| 000 | 00989cam a22003257a 4500 | ||
|---|---|---|---|
| 003 | CHAP | ||
| 005 | 20220329140511.0 | ||
| 008 | 971013s1972 r 00010 d | ||
| 010 | _a52929 | ||
| 011 | _a53901 | ||
| 035 | _a58051 | ||
| 040 | _cCHAP | ||
| 082 |
_a025.3 _bW9 1972 |
||
| 100 | 0 | 0 |
_aWynar, Bohdan S. _9122865 |
| 245 | 0 | _aIntroduction to cataloging and classification | |
| 250 | _a4 rev. ed. | ||
| 260 |
_aLittleton, Col. : _bLibraries unlimites, _c1972 |
||
| 300 | _a344 p. | ||
| 490 | 0 | _aLibrary science text series | |
| 590 |
_aBATCH-UPD _b10 _c20130110 _lUCH01 _h0523 |
||
| 590 |
_aBATCH-UPD _b10 _c20130410 _lUCH01 _h0202 |
||
| 590 |
_aBATCH-UPD _b10 _c20130914 _lUCH01 _h0900 |
||
| 590 |
_aCONVERSION _b10 _c20130109 _lUCH01 _h1329 |
||
| 650 | 1 | 4 |
_aCatalogación. _920484 |
| 650 | 1 | 4 |
_aClasificación de libros. _923675 |
| 830 | 0 |
_aLibrary science text series _966641 |
|
| 901 | _aBK | ||
| 942 | _cLIBRO | ||
| 949 |
_a025.3 W9 1972 _bBC _cB _d-126118 _eB _h60844 _i58051 _si |
||
| 999 |
_c52929 _d52929 |
||